| 000 | 01143nas a2200325 4500 | ||
|---|---|---|---|
| 001 | BR2011003064 | ||
| 003 | BR-BrBNA | ||
| 005 | 20231205115326.0 | ||
| 007 | ta | ||
| 008 | 230509b bl.|||p| |||| 00| 00por d | ||
| 040 |
_aBR-BrBNA _bpor _cBiblioteca Nacional de Agricultura |
||
| 041 | _a(Pt) | ||
| 072 | _aL70 | ||
| 100 | 1 | _aNascimento, H. do | |
| 100 | 1 | _aSilva, L.C. da | |
| 100 | 1 | _aTramontini, A.Z. | |
| 100 | 1 | _aHaddad Neta, J. | |
| 100 | 1 | _aTrapp, S.M. | |
| 245 | 1 | _aAvaliação eletrolítica e hematológica em filhotes de cães com enterite por parvovírus associado ou não ao coronavírus. | |
| 246 | 1 | _aHematologic and eletrolitic evaluation of puppies with parvoviral enteritis associated or with coronavirus. | |
| 650 | _aCÃO | ||
| 650 | _aPARVOVIROSE | ||
| 650 | _aDIARRÉIA | ||
| 650 | _aELETRÓLITO | ||
| 650 | _aANEMIA | ||
| 650 | _aHEMATOLOGIA | ||
| 773 | 0 |
_tMEDVEP.Revista Científica de Medicina Veterinária. Pequenos Animais e Animais de Estimação (Brazil) _xISSN 1676-1430 _g(Jan-Mar 2007), v. 5(14) p. 8-14 _wBR2011003064 |
|
| 909 |
_a202311 _bLúcia _c55 _dLúcia Elande |
||
| 942 |
_2AGRIS _n0 _cANA |
||
| 999 |
_c213228 _d213228 |
||